000 01549nam0a2200361 4500
001 RU\NLR\ONL2\3107
005 20260406005726.0
035 _a(NLR Aleph) 009650708
090 _a9572906
_c9572906
100 _a20050331d1932 |||y0rusy50 ca
101 0 _asel
102 _aRU
105 _aa |||||||||
135 _acrmn mmmapaba
200 1 _aNarqь wattь
_eposukol sel qumьl togьltьhsatьl nәkьr
_fE. Prokofjewa nәkьrsьl
_gНИАИНС ЦИК СССР
210 _aL.
_cUcpedgiz
_d1932
215 _a80 c.
_cил.
_d25
_e16 с. разрез. азбуки
325 _aКопия доступна в электронной библиотеке РНБ
541 1 _aКрасный путь
_eнач. селькуп. учеб. кн.
_zrus
606 0 _aСелькупский язык
_jБуквари
_92091713
_3RU\NLR\AUTH\661265974
686 1 _aШ167.4-920
700 1 _aProkofjewa
_bE. D.
_4070
790 1 _4070
_8rus
_7ca
_aПрокофьева
_bЕ. Д.
_cэтнограф
_f1902-1978
_gЕкатерина Дмитриевна
_3RU\NLR\AUTH\77115212
_998137
801 0 _aRU
_bNLR
_c20050331
_gPSBO
852 _aNLR
_bОНЛ
_jСелькуп./4-1
901 _eКнижные издания: ОНЛ
942 _cBOOK
980 _aNB
980 _aONL_RF
981 2 3 _a(23) Национальные литературы
_b(23) Книги на национальных языках